[Event "St-Chély d'Aubrac op"]
[Site "Saint-Chély d'Aubrac (12)"]
[Date "2008.07.14"]
[Round "2.1"]
[White "Baeumlin, Francois"]
[Black "Sokolov, Andrei"]
[Result "0-1"]
[WhiteElo "1995"]
[BlackElo "2561"]
[PlyCount "100"]
[EventDate "2008.07.??"]
[EventType "swiss"]
[EventRounds "9"]
[EventCountry "FRA"]

1. e4 c5 2. Nf3 e6 3. d3 Nc6 4. g3 d5 5. Nbd2 Bd6 6. Bg2 Nge7 7. O-O O-O 8. Re1
Bc7 9. c3 a5 10. a4 b6 11. exd5 exd5 12. Nf1 h6 13. d4 Be6 14. b3 Rc8 15. Ba3
Bd6 16. Ne3 cxd4 17. Nxd4 Nxd4 18. Bxd6 Qxd6 19. Qxd4 Qc5 20. Rac1 Rfd8 21.
Red1 Rd7 22. Qxc5 bxc5 23. Bf1 Rcd8 24. Bb5 Rd6 25. Rd2 Nf5 26. Nxf5 Bxf5 27.
Re1 d4 28. cxd4 Rxd4 29. Rde2 Be6 30. Re5 Rd1 31. Rxd1 Rxd1+ 32. Kg2 Rc1 33.
Re3 g5 34. Be2 Kg7 35. Bb5 Bd5+ 36. Kh3 f5 37. Re5 Bxb3 38. Bd7 Kf6 39. Rxf5+
Ke7 40. Bc8 Bxa4 41. Rd5 Bc6 42. Rd2 a4 43. Kg4 a3 44. Kh5 Be8+ 45. Kxh6 Bf7
46. Kxg5 a2 47. Rxa2 Bxa2 48. f4 c4 49. g4 c3 50. h4 Rg1 0-1

[Event "St-Chély d'Aubrac op"]
[Site "Saint-Chély d'Aubrac (12)"]
[Date "2008.07.14"]
[Round "2.2"]
[White "Degraeve, Jean-Marc"]
[Black "Muheim, Sebastien"]
[Result "1-0"]
[WhiteElo "2523"]
[BlackElo "2013"]
[PlyCount "61"]
[EventDate "2008.07.??"]
[EventType "swiss"]
[EventRounds "9"]
[EventCountry "FRA"]

1. e4 c5 2. Nf3 d6 3. Bc4 Nc6 4. c3 Nf6 5. d3 g6 6. O-O Bg7 7. Bb3 O-O 8. Re1
e5 9. h3 b6 10. Be3 Bb7 11. Nbd2 Qc7 12. Nf1 h6 13. Ng3 Rae8 14. a3 Nd8 15. Nh2
Ne6 16. Ng4 Nxg4 17. hxg4 Qe7 18. f3 Bc8 19. Qd2 Ng5 20. Bd5 Qf6 21. Bxg5 Qxg5
22. Qxg5 hxg5 23. Nf1 Bf6 24. Ne3 Bd8 25. b4 Ba6 26. Bc4 b5 27. Bb3 Bb7 28. Bd5
Ba6 29. Bc6 Re6 30. Nd5 Bc8 31. Bxb5 1-0

[Event "St-Chély d'Aubrac op"]
[Site "Saint-Chély d'Aubrac (12)"]
[Date "2008.07.14"]
[Round "2.3"]
[White "Guillaumat, Jean-Pierre"]
[Black "Riff, Jean-Noel"]
[Result "0-1"]
[WhiteElo "1969"]
[BlackElo "2481"]
[PlyCount "72"]
[EventDate "2008.07.??"]
[EventType "swiss"]
[EventRounds "9"]
[EventCountry "FRA"]

1. d4 Nf6 2. c4 e6 3. Nf3 Nc6 4. a3 d6 5. Nc3 g6 6. e4 Bg7 7. Be2 O-O 8. O-O
Re8 9. Bg5 h6 10. Bh4 g5 11. Bg3 Nh5 12. d5 Nxg3 13. fxg3 exd5 14. exd5 Ne7 15.
Bd3 Nf5 16. Bxf5 Bxf5 17. Nd4 Bg6 18. Nf5 Bxf5 19. Rxf5 Re3 20. Qh5 Qe7 21.
Raf1 Rf8 22. R5f3 f5 23. h3 Rxf3 24. Qxf3 f4 25. gxf4 Rxf4 26. Qd1 Qe3+ 27. Kh1
Be5 28. Rxf4 Qxf4 29. Qg1 a6 30. Ne2 Qxc4 31. Qe3 Qxd5 32. Nc3 Qf7 33. Qd3 Kg7
34. Qf3 Qxf3 35. gxf3 Bxc3 36. bxc3 Kf6 0-1

[Event "St-Chély d'Aubrac op"]
[Site "Saint-Chély d'Aubrac (12)"]
[Date "2008.07.14"]
[Round "2.4"]
[White "Karpatchev, Aleksandr"]
[Black "Carno, Matthias"]
[Result "1-0"]
[WhiteElo "2460"]
[BlackElo "1956"]
[PlyCount "53"]
[EventDate "2008.07.??"]
[EventType "swiss"]
[EventRounds "9"]
[EventCountry "FRA"]

1. e4 Nf6 2. e5 Nd5 3. Nc3 Nxc3 4. bxc3 d6 5. f4 dxe5 6. fxe5 c5 7. Nf3 Bg4 8.
h3 Bf5 9. d4 e6 10. Bd3 Bxd3 11. Qxd3 Nc6 12. O-O Be7 13. Rb1 b6 14. Qe4 Qd5
15. Qg4 O-O-O 16. Be3 Qc4 17. Qe4 Rd5 18. Nd2 Qxc3 19. Rb3 Qa5 20. c4 cxd4 21.
cxd5 dxe3 22. d6 Qc5 23. Qxe3 Nd4 24. Ne4 Bg5 25. Nxc5 Bxe3+ 26. Rxe3 bxc5 27.
Rxf7 1-0

[Event "St-Chély d'Aubrac op"]
[Site "Saint-Chély d'Aubrac (12)"]
[Date "2008.07.14"]
[Round "2.5"]
[White "Huin, Eric"]
[Black "Saucey, Michel"]
[Result "1/2-1/2"]
[WhiteElo "1956"]
[BlackElo "2348"]
[PlyCount "61"]
[EventDate "2008.07.??"]
[EventType "swiss"]
[EventRounds "9"]
[EventCountry "FRA"]

1. Nf3 g6 2. d4 Bg7 3. Bf4 d6 4. e3 Nd7 5. c3 e5 6. dxe5 dxe5 7. Bg3 Ne7 8. h3
O-O 9. Bc4 Nf5 10. Bh2 Nd6 11. Bb3 e4 12. Nd4 Ne5 13. Bxe5 Bxe5 14. Nd2 Qg5 15.
Qe2 c5 16. Nb5 Nxb5 17. Qxb5 Qxg2 18. O-O-O Bf5 19. Qe2 Bg3 20. Rdf1 Bh4 21.
Rhg1 Qh2 22. Qh5 Bxf2 23. Qxf5 Bxg1 24. Bxf7+ Kg7 25. Qf6+ Kh6 26. Rf4 Qxf4 27.
Qxf4+ Kg7 28. Qg3 Rxf7 29. Qxg1 Re8 30. Qg2 Rfe7 31. Kc2 1/2-1/2

[Event "St-Chély d'Aubrac op"]
[Site "Saint-Chély d'Aubrac (12)"]
[Date "2008.07.14"]
[Round "2.6"]
[White "Muller, Anne"]
[Black "Moulie, Patrick"]
[Result "1-0"]
[WhiteElo "2179"]
[BlackElo "1930"]
[PlyCount "99"]
[EventDate "2008.07.??"]
[EventType "swiss"]
[EventRounds "9"]
[EventCountry "FRA"]

1. e4 e6 2. d4 a6 3. Bd3 b5 4. Nf3 c5 5. dxc5 Bxc5 6. a4 b4 7. O-O Bb7 8. Bg5
f6 9. Bf4 Nc6 10. Nbd2 Nge7 11. Nb3 Ba7 12. Bd6 a5 13. Bc4 Bb8 14. Nc5 Qc8 15.
c3 Ba7 16. Rc1 Bxc5 17. Bxc5 bxc3 18. Rxc3 Ba6 19. Bb5 Kf7 20. Qd2 Rd8 21. Rfc1
Qb7 22. Rb3 Bxb5 23. Rxb5 Qa6 24. Rb6 Qc8 25. Bd6 Ng6 26. h3 Rg8 27. Nd4 Qd8
28. Rb7 Nxd4 29. Qxd4 Rc8 30. Rxc8 Qxc8 31. Rc7 Qe8 32. Qa7 Nf8 33. Qxa5 e5 34.
Bxf8 Rxf8 35. Qd5+ Kg6 36. Rxd7 Qb8 37. Rb7 Qc8 38. Kh2 Qc1 39. Qd3 h5 40. Qg3+
Qg5 41. h4 Qg4 42. a5 Rd8 43. a6 Ra8 44. a7 Kh6 45. Qxg4 hxg4 46. b4 g6 47. b5
f5 48. b6 Rd8 49. Rb8 Rd4 50. a8=Q 1-0

[Event "St-Chély d'Aubrac op"]
[Site "Saint-Chély d'Aubrac (12)"]
[Date "2008.07.14"]
[Round "2.7"]
[White "Boulier, Rene"]
[Black "Furrer, Marc"]
[Result "0-1"]
[WhiteElo "1924"]
[BlackElo "2121"]
[PlyCount "52"]
[EventDate "2008.07.??"]
[EventType "swiss"]
[EventRounds "9"]
[EventCountry "FRA"]

1. e4 c5 2. Nc3 g6 3. f4 Nc6 4. Nf3 d6 5. Bb5 Bg7 6. O-O Nh6 7. d3 O-O 8. Bxc6
bxc6 9. Kh1 Kh8 10. Qe1 f5 11. e5 Qc7 12. Bd2 Nf7 13. Qh4 dxe5 14. fxe5 Rb8 15.
Na4 Nxe5 16. Nxe5 Bxe5 17. Rae1 Bf6 18. Qh6 Rg8 19. b3 g5 20. Re2 f4 21. Nxc5
Bg4 22. Ne6 Qd7 23. Nxg5 Rxg5 24. Re4 Rbg8 25. Rfe1 f3 26. g3 f2 0-1

[Event "St-Chély d'Aubrac op"]
[Site "Saint-Chély d'Aubrac (12)"]
[Date "2008.07.14"]
[Round "2.8"]
[White "Netzer, Jacques"]
[Black "Rabier, Jean"]
[Result "1-0"]
[WhiteElo "2116"]
[BlackElo "1914"]
[PlyCount "35"]
[EventDate "2008.07.??"]
[EventType "swiss"]
[EventRounds "9"]
[EventCountry "FRA"]

1. e4 c5 2. Nf3 e6 3. c4 g6 4. Nc3 a6 5. d4 Bg7 6. Be3 cxd4 7. Nxd4 Ne7 8. Be2
Nbc6 9. Nb3 Rb8 10. Qd2 O-O 11. f4 Qc7 12. Bc5 Qd8 13. O-O Re8 14. e5 b6 15.
Bd6 Ra8 16. Ne4 Nf5 17. Ba3 Bf8 18. Nf6+ 1-0

[Event "St-Chély d'Aubrac op"]
[Site "Saint-Chély d'Aubrac (12)"]
[Date "2008.07.14"]
[Round "2.9"]
[White "Joli, Laurent"]
[Black "Nass, Emile"]
[Result "0-1"]
[WhiteElo "1911"]
[BlackElo "2105"]
[PlyCount "88"]
[EventDate "2008.07.??"]
[EventType "swiss"]
[EventRounds "9"]
[EventCountry "FRA"]

1. e4 e6 2. g3 d5 3. exd5 exd5 4. Bg2 Nf6 5. d4 Bd6 6. Ne2 Bg4 7. O-O Nbd7 8.
Be3 c6 9. f3 Bf5 10. c3 Qb6 11. Qd2 O-O-O 12. a4 Rde8 13. Bf2 Qa6 14. Nc1 Bxb1
15. Rxb1 Qxa4 16. Nd3 Qb5 17. b3 Qb6 18. Ne5 Re7 19. Rfc1 Qd8 20. Nd3 h5 21.
Be3 Qe8 22. Re1 h4 23. Bf4 Bxf4 24. Nxf4 g5 25. Nd3 hxg3 26. hxg3 g4 27. Rxe7
Qxe7 28. Re1 Qf8 29. f4 Qh6 30. Re3 Qh2+ 31. Kf1 Ne4 32. Qe1 Ndf6 33. c4 Rh3
34. Qb4 Nxg3+ 35. Rxg3 Rxg3 36. Qf8+ Kc7 37. Qe7+ Nd7 38. Qe2 Qxg2+ 39. Qxg2
Rxg2 40. Kxg2 dxc4 41. bxc4 b5 42. c5 f5 43. Nb4 a5 44. Nc2 b4 0-1

[Event "St-Chély d'Aubrac op"]
[Site "Saint-Chély d'Aubrac (12)"]
[Date "2008.07.14"]
[Round "2.10"]
[White "Robert, Thierry"]
[Black "Lagunes, Jean-Renaud"]
[Result "0-1"]
[WhiteElo "1862"]
[BlackElo "2047"]
[PlyCount "110"]
[EventDate "2008.07.??"]
[EventType "swiss"]
[EventRounds "9"]
[EventCountry "FRA"]

1. e4 d6 2. d4 Nf6 3. Nc3 g6 4. Be3 c6 5. f3 Nbd7 6. Bc4 b5 7. Bb3 Bb7 8. Nh3
h6 9. O-O a6 10. Ne2 Qc7 11. Rc1 Bg7 12. c3 Nb6 13. Bf2 a5 14. a3 a4 15. Ba2 e5
16. Kh1 Nc4 17. Bxc4 bxc4 18. Qd2 O-O 19. Be3 Kh7 20. g4 d5 21. g5 hxg5 22.
Nxg5+ Kg8 23. Ng3 exd4 24. cxd4 dxe4 25. N3xe4 Nd5 26. Qf2 Rfe8 27. Bd2 f6 28.
Nh3 Kf7 29. Rg1 Rh8 30. Qg2 Ne7 31. Bb4 Rh6 32. Bd2 Rh7 33. Bb4 c5 34. Bxc5
Bxe4 35. fxe4 Rah8 36. Rc3 g5 37. Rf1 Ke8 38. e5 fxe5 39. Qa8+ Nc8 40. Qxa4+
Kd8 41. Rd1 e4 42. Qxc4 g4 43. Qd5+ Qd7 44. Qg5+ Ne7 45. Bxe7+ Ke8 46. Rdc1
Qxe7 47. Rc8+ (47. Qg6+ Kf8 (47... Kd8 48. Rc8+ Kd7 49. R1c7#) 48. Rc8+ Qd8 49.
Rf1+ Ke7 50. Rf7+ Ke8 51. Qe6#) 47... Kf7 48. Rxh8 (48. Qd5+ Kg6 (48... Kf6 49.
R1c6+) 49. Nf4+ Kf6 50. R1c6+ Qe6 51. Rxe6+ Kf7 52. Qb7#) 48... Rxh8 49. Qf5+
Bf6 50. Nf4 e3 51. Qd5+ Kg7 52. Nh5+ Rxh5 53. Qxh5 Qe4+ 54. Kg1 e2 55. Re1
Bxd4# 0-1

[Event "St-Chély d'Aubrac op"]
[Site "Saint-Chély d'Aubrac (12)"]
[Date "2008.07.14"]
[Round "2.11"]
[White "Roignot, Pierre"]
[Black "Labarthe, Arnaud"]
[Result "1-0"]
[WhiteElo "2029"]
[BlackElo "1899"]
[PlyCount "68"]
[EventDate "2008.07.??"]
[EventType "swiss"]
[EventRounds "9"]
[EventCountry "FRA"]

1. e4 d5 2. exd5 Nf6 3. Nc3 Nxd5 4. Qf3 Nb6 5. Bb5+ c6 6. Be2 N8d7 7. d3 Nf6 8.
Qg3 Bf5 9. Bf3 Qd7 10. Nge2 g6 11. h3 Bg7 12. O-O O-O 13. Qh2 Nbd5 14. Bd2 Nxc3
15. Bxc3 Nd5 16. Bxg7 Kxg7 17. Nd4 Be6 18. Qe5+ Kg8 19. Rfe1 Nc7 20. Nxe6 fxe6
21. Re2 Qd6 22. Rae1 Rf6 23. c3 Qxe5 24. Rxe5 Kf7 25. d4 Rd8 26. h4 h5 27. Bd1
Rd5 28. Bc2 Rd6 29. g3 b6 30. R1e2 Kg7 31. Kg2 Rd5 32. Bb3 Ra5 33. f4 b5 34. a3
Kf7 {Suite illisible} 1-0

[Event "St-Chély d'Aubrac op"]
[Site "Saint-Chély d'Aubrac (12)"]
[Date "2008.07.14"]
[Round "2.12"]
[White "De Biasi, Robert"]
[Black "Desboeufs, Alexandre"]
[Result "0-1"]
[WhiteElo "1799"]
[BlackElo "2026"]
[PlyCount "70"]
[EventDate "2008.07.??"]
[EventType "swiss"]
[EventRounds "9"]
[EventCountry "FRA"]

1. c4 e5 2. Nc3 Nf6 3. g3 Be7 4. Bg2 O-O 5. e4 c6 6. Nge2 d6 7. d4 Bg4 8. O-O
Nbd7 9. h3 exd4 10. Qxd4 Be6 11. b3 Qc7 12. Rb1 b6 13. Bb2 Nc5 14. Nf4 Rad8 15.
Rfd1 Bc8 16. Re1 Ne6 17. Nxe6 Bxe6 18. Ne2 d5 19. cxd5 cxd5 20. Rec1 Qb7 21. e5
Ne4 22. b4 f6 23. Nf4 Bf5 24. g4 Bg6 25. Ne6 fxe5 26. Nxd8 Bxd8 27. Qxe5 Qf7
28. Rc2 Nf6 29. Rbc1 Bxc2 30. Rxc2 Re8 31. Qd4 Re1+ 32. Kh2 Bc7+ 33. f4 Ne4 34.
Qe5 Qxf4+ 35. Qxf4 Bxf4# 0-1

[Event "St-Chély d'Aubrac op"]
[Site "Saint-Chély d'Aubrac (12)"]
[Date "2008.07.14"]
[Round "2.13"]
[White "Duffau, Pascal"]
[Black "Lagunes, Robin"]
[Result "0-1"]
[WhiteElo "2019"]
[BlackElo "1825"]
[PlyCount "64"]
[EventDate "2008.07.??"]
[EventType "swiss"]
[EventRounds "9"]
[EventCountry "FRA"]

1. Nf3 d6 2. d4 Nf6 3. c4 g6 4. Nc3 Bg7 5. e4 O-O 6. Be2 Nbd7 7. O-O c5 8. d5
a6 9. a4 Qc7 10. Bf4 Nh5 11. Bg5 Re8 12. Qd2 Nb6 13. Ne1 Nf6 14. Rd1 Bd7 15. b3
Rad8 16. Qf4 Bg4 17. Bxg4 Nxg4 18. Qxg4 Bxc3 19. Rd3 Bg7 20. Qh4 Rd7 21. Rh3 h5
22. g4 f6 23. Bd2 e6 24. gxh5 gxh5 25. Qxh5 Rde7 26. Kh1 exd5 27. exd5 Re2 28.
Nf3 Qf7 29. Qh7+ Kf8 30. Rg1 Rxf2 31. Rxg7 Qxg7 32. Bh6 Rf1+ 0-1

[Event "St-Chély d'Aubrac op"]
[Site "Saint-Chély d'Aubrac (12)"]
[Date "2008.07.14"]
[Round "2.14"]
[White "Marie, Olivier"]
[Black "Mayet, Lucas"]
[Result "0-1"]
[WhiteElo "1520"]
[BlackElo "1695"]
[PlyCount "50"]
[EventDate "2008.07.??"]
[EventType "swiss"]
[EventRounds "9"]
[EventCountry "FRA"]

1. d4 Nf6 2. c4 e6 3. Nc3 d5 4. Bg5 Be7 5. e3 c6 6. Nf3 Nbd7 7. Be2 dxc4 8.
Bxc4 b5 9. Bd3 Bb7 10. Qe2 a6 11. O-O O-O 12. h3 c5 13. Rac1 Rc8 14. b3 cxd4
15. Nxd4 Nc5 16. Bb1 b4 17. Na4 Qd5 18. Nf3 Nxa4 19. bxa4 Qa5 20. Bc2 Bxf3 21.
gxf3 Qxg5+ 22. Kh1 Qh4 23. Kg2 Rc5 24. Bb3 Rg5+ 25. Kh2 Rh5 0-1

[Event "St-Chély d'Aubrac op"]
[Site "Saint-Chély d'Aubrac (12)"]
[Date "2008.07.14"]
[Round "2.15"]
[White "Tanguy, Fabien"]
[Black "Kiecken, Jean-Marc"]
[Result "1/2-1/2"]
[WhiteElo "2062"]
[BlackElo "1978"]
[PlyCount "76"]
[EventDate "2008.07.??"]
[EventType "swiss"]
[EventRounds "9"]
[EventCountry "FRA"]

1. c4 c5 2. Nc3 Nc6 3. g3 e5 4. Bg2 d6 5. Nf3 g6 6. O-O Bg7 7. d3 Nge7 8. Bg5
f6 9. Bd2 O-O 10. Rb1 f5 11. Nd5 a5 12. a3 Nxd5 13. cxd5 Nd4 14. Ng5 a4 15. e3
Ne2+ 16. Qxe2 Qxg5 17. b4 axb3 18. Rxb3 Qe7 19. Rfb1 b5 20. Rxb5 Ba6 21. Rb6 e4
22. Qe1 Bxd3 23. R1b3 Ra7 24. Bf1 c4 25. R3b4 Rxa3 26. Bxd3 cxd3 27. Kg2 Ra1
28. Rb1 Rfa8 29. Qc1 Rxb1 30. Qxb1 Be5 31. Qb5 Qg5 32. Rb8+ Rxb8 33. Qxb8+ Kg7
34. Qc7+ Kh6 35. Qc1 Qg4 36. h3 Qf3+ 37. Kg1 Bxg3 38. fxg3 Qxg3+ 1/2-1/2

[Event "St-Chély d'Aubrac op"]
[Site "Saint-Chély d'Aubrac (12)"]
[Date "2008.07.14"]
[Round "2.16"]
[White "Griggio, Jean-Paul"]
[Black "Veys, Vincent"]
[Result "1/2-1/2"]
[WhiteElo "1798"]
[BlackElo "1530"]
[PlyCount "108"]
[EventDate "2008.07.??"]
[EventType "swiss"]
[EventRounds "9"]
[EventCountry "FRA"]

1. c4 e5 2. Nc3 Nf6 3. g3 Bb4 4. Qc2 Nc6 5. e3 d6 6. Bg2 O-O 7. Nge2 Be6 8. Nd5
Bxd5 9. cxd5 Ne7 10. Qc4 Bc5 11. b4 Bb6 12. O-O Qd7 13. Nc3 Qf5 14. a4 a5 15.
b5 Rfe8 16. Ba3 Ng6 17. Ne4 Nxe4 18. Bxe4 Qg4 19. Qd3 Rac8 20. Bf5 Qg5 21. Bxc8
Rxc8 22. Qc4 Re8 23. Qe4 f5 24. Qg2 Rf8 25. f4 exf4 26. gxf4 Nxf4 27. Qxg5 Nh3+
28. Kg2 Nxg5 29. Rac1 Ne4 30. Rc2 g6 31. Bb2 Nc5 32. Rc4 Ne4 33. Rd1 Nc5 34.
Bd4 Rf7 35. Bxc5 Bxc5 36. d4 Bb6 37. Rf1 Re7 38. Kf3 Kf7 39. Ke2 Kf6 40. Kd3
Re4 41. Rf4 Rxf4 42. exf4 Kf7 43. Rc1 Kf6 44. Re1 Kf7 45. h4 h5 46. Re6 Ba7 47.
Kc4 Bb6 48. Re2 Ba7 49. Rc2 Bb6 50. Kd3 Kf8 51. Re2 Kf7 52. Rd2 Ba7 53. Kc4 Bb6
54. Rd3 Kf8 1/2-1/2

[Event "St-Chély d'Aubrac op"]
[Site "Saint-Chély d'Aubrac (12)"]
[Date "2008.07.14"]
[Round "2.17"]
[White "Roignot, Vincent"]
[Black "Paris, Yannick"]
[Result "1/2-1/2"]
[WhiteElo "1540"]
[BlackElo "1793"]
[PlyCount "186"]
[EventDate "2008.07.??"]
[EventType "swiss"]
[EventRounds "9"]
[EventCountry "FRA"]

1. e4 d5 2. exd5 Nf6 3. Nf3 Nxd5 4. d4 Bg4 5. h3 Bh5 6. c4 Nb6 7. Be3 e6 8. a3
Be7 9. Nbd2 O-O 10. Be2 N8d7 11. O-O c5 12. Qc2 Bg6 13. Bd3 Bxd3 14. Qxd3 cxd4
15. Bxd4 Bc5 16. Bxc5 Nxc5 17. Qe3 Qc7 18. b4 Ncd7 19. c5 Nd5 20. Qd3 Rfd8 21.
Ng5 N7f6 22. Nde4 Nxe4 23. Qxe4 Nf6 24. Qe3 Rd5 25. Ne4 Nxe4 26. Qxe4 Rad8 27.
Qf3 Rd3 28. Qe2 Rd2 29. Qf3 R8d3 30. Qg4 Qd7 31. Qf4 Qd8 32. Qe5 Rd5 33. Qf4 g5
34. Qf3 R2d3 35. Qe2 Qd7 36. Qc2 Rd2 37. Qc3 Qe7 38. Qf3 R5d3 39. Qg4 f5 40.
Qh5 Qd8 41. Qh6 Qe7 42. Qh5 Kg7 43. Rfd1 Qd8 44. Rxd2 Rxd2 45. Qf3 Qd7 46. Qe3
f4 47. Qe5+ Kg6 48. Qe4+ Kh5 49. Re1 Ra2 50. Qxe6 Qxe6 51. Rxe6 Rxa3 52. Re7 a5
53. Rxh7+ Kg6 54. Rxb7 axb4 55. Rxb4 Rc3 56. Rb6+ Kf5 57. Rc6 Ke4 58. f3+ Kd4
59. Rd6+ Kxc5 60. Rg6 Kd4 61. Rxg5 Rc1+ 62. Kh2 Ke3 63. Re5+ Kf2 64. Ra5 Rc6
65. h4 Rh6 66. Kh3 Rg6 67. Rg5 Rh6 68. Kg4 Kxg2 69. Kxf4+ Kh3 70. Rg4 Rf6+ 71.
Ke4 Re6+ 72. Kf5 Re8 73. h5 Rf8+ 74. Ke4 Re8+ 75. Kf4 Rf8+ 76. Ke3 Rh8 77. Rg1
Kh4 78. Rh1+ Kg5 79. Rg1+ Kf5 80. Rh1 Re8+ 81. Kf2 Rh8 82. Rh4 Kg5 83. Kg3 Kh6
84. f4 Rg8+ 85. Rg4 Rf8 86. Kh4 Rf6 87. Kg3 Kxh5 88. Rg5+ Kh6 89. Kg4 Rg6 90.
Kf5 Rxg5+ 91. fxg5+ Kg7 92. g6 Kg8 93. Kf6 Kf8 1/2-1/2

[Event "St-Chély d'Aubrac op"]
[Site "Saint-Chély d'Aubrac (12)"]
[Date "2008.07.14"]
[Round "2.18"]
[White "Saucey, Capucine"]
[Black "Seewer, Kevin"]
[Result "1-0"]
[WhiteElo "1770"]
[BlackElo "1399"]
[PlyCount "35"]
[EventDate "2008.07.??"]
[EventType "swiss"]
[EventRounds "9"]
[EventCountry "FRA"]

1. e4 e5 2. Nf3 Nc6 3. Bc4 Nf6 4. Ng5 d5 5. exd5 Nxd5 6. d4 exd4 7. O-O Be7 8.
Nxf7 Kxf7 9. Qf3+ Ke8 10. Bxd5 Rf8 11. Bxc6+ bxc6 12. Qxc6+ Bd7 13. Qc4 c5 14.
Re1 Rc8 15. Bg5 Rf7 16. Bxe7 Qa5 17. Na3 Bf5 18. Bd6+ 1-0

[Event "St-Chély d'Aubrac op"]
[Site "Saint-Chély d'Aubrac (12)"]
[Date "2008.07.14"]
[Round "2.19"]
[White "Causse, Michel"]
[Black "Mourgues, Joelle"]
[Result "0-1"]
[WhiteElo "1380"]
[BlackElo "1767"]
[PlyCount "78"]
[EventDate "2008.07.??"]
[EventType "swiss"]
[EventRounds "9"]
[EventCountry "FRA"]

1. d4 Nf6 2. c4 e6 3. Nc3 Bb4 4. Bd2 O-O 5. a3 Bxc3 6. Bxc3 Ne4 7. Rc1 f5 8.
Nf3 d6 9. e3 b6 10. Be2 Bb7 11. b4 Qe7 12. Bb2 Nd7 13. O-O c5 14. d5 e5 15. Nd2
Ndf6 16. f3 Nxd2 17. Qxd2 Nd7 18. b5 Nf6 19. a4 a6 20. Ra1 Rfb8 21. Qc2 Bc8 22.
e4 g6 23. Bd3 f4 24. Kf2 Nh5 25. Ke1 Qh4+ 26. g3 fxg3 27. hxg3 Qxg3+ 28. Kd2
Bh3 29. Kc3 Bxf1 30. Rxf1 Rf8 31. Qd1 axb5 32. Bc2 bxc4 33. Kxc4 Qg2 34. Kc3
Nf4 35. Bc1 Ne2+ 36. Kb2 Nd4 37. Bd2 Nxc2 38. Kxc2 Rxa4 39. Qe2 Qxe2 0-1

[Event "St-Chély d'Aubrac op"]
[Site "Saint-Chély d'Aubrac (12)"]
[Date "2008.07.14"]
[Round "2.20"]
[White "Griggio, Julie"]
[Black "Meyer, Bernard"]
[Result "1-0"]
[WhiteElo "1760"]
[BlackElo "1370"]
[PlyCount "95"]
[EventDate "2008.07.??"]
[EventType "swiss"]
[EventRounds "9"]
[EventCountry "FRA"]

1. e4 e5 2. Nf3 Nc6 3. Nc3 Nf6 4. d4 exd4 5. Nxd4 Be7 6. Bf4 d6 7. Bb5 Bd7 8.
O-O O-O 9. Nf5 Bxf5 10. exf5 Ne5 11. h3 a6 12. Be2 h6 13. Be3 b5 14. f4 Nc4 15.
Bc1 d5 16. Bf3 c6 17. Kh1 Bc5 18. Re1 Qd6 19. b3 Na3 20. Ne2 b4 21. Bb2 Rfe8
22. Be5 Qd8 23. Nc1 Bd6 24. Nd3 Nb5 25. Qd2 a5 26. Rac1 Rc8 27. c4 bxc3 28.
Bxc3 Nxc3 29. Rxe8+ Qxe8 30. Qxc3 Qd8 31. Ne5 c5 32. a3 c4 33. bxc4 dxc4 34.
Qd4 Bxa3 35. Qxd8+ Rxd8 36. Ra1 Bb2 37. Rxa5 c3 38. Rc5 Rd2 39. Nc4 Rf2 40. Ne3
Nd7 41. Rc6 Rd2 42. Nd1 c2 43. Nxb2 Nb6 44. Kh2 Nd7 45. Na4 Nf6 46. Nb6 Kh7 47.
Nc8 Ne8 48. Be4 1-0

[Event "St-Chély d'Aubrac op"]
[Site "Saint-Chély d'Aubrac (12)"]
[Date "2008.07.14"]
[Round "2.21"]
[White "Rateau, Cyprien"]
[Black "Barillet, Lucien"]
[Result "0-1"]
[WhiteElo "1340"]
[BlackElo "1750"]
[PlyCount "56"]
[EventDate "2008.07.??"]
[EventType "swiss"]
[EventRounds "9"]
[EventCountry "FRA"]

1. d4 Nf6 2. Nc3 g6 3. Bf4 a6 4. e4 d6 5. Nf3 Bg7 6. Bc4 O-O 7. O-O c6 8. d5 b5
9. Bb3 b4 10. Ne2 Nxe4 11. Rb1 Bb7 12. Ng5 Nf6 13. dxc6 Nxc6 14. Nd4 Nxd4 15.
Qxd4 a5 16. Nxf7 Rxf7 17. Bxf7+ Kxf7 18. a3 e5 19. Bxe5 dxe5 20. Qxe5 Qb6 21.
Rfe1 Re8 22. Qg3 Qc6 23. Rbc1 Qxc2 24. h3 Rxe1+ 25. Rxe1 Bf8 26. Qe5 Qc6 27. f3
bxa3 28. bxa3 a4 0-1

[Event "St-Chély d'Aubrac op"]
[Site "Saint-Chély d'Aubrac (12)"]
[Date "2008.07.14"]
[Round "2.22"]
[White "Manser, Lucas"]
[Black "Darnis, Lucas"]
[Result "1-0"]
[WhiteElo "1740"]
[BlackElo "1310"]
[PlyCount "73"]
[EventDate "2008.07.??"]
[EventType "swiss"]
[EventRounds "9"]
[EventCountry "FRA"]

1. e4 e5 2. Nf3 Nc6 3. Nc3 Nf6 4. d4 d6 5. dxe5 dxe5 6. Qxd8+ Kxd8 7. Bb5 Bd6
8. Bxc6 bxc6 9. O-O Re8 10. Bg5 Bg4 11. Nd2 Bb4 12. h3 Bc8 13. Rfd1 Bd6 14. Nc4
Ke7 15. Rd2 Ba6 16. Ne3 Kf8 17. Nf5 Rad8 18. Rad1 Re6 19. Na4 Nxe4 20. Bxd8
Nxd2 21. Rxd2 f6 22. Nxd6 Rxd6 23. Rxd6 cxd6 24. Bc7 Ke7 25. Nc3 Kd7 26. Ba5 d5
27. Bb4 d4 28. Ne4 Ke6 29. Nc5+ Kd5 30. Nxa6 Kc4 31. a3 Kb5 32. Nc7+ Kb6 33.
Ne6 c5 34. Bxc5+ Kc6 35. Bxa7 Kd6 36. Nxg7 e4 37. Bxd4 1-0

[Event "St-Chély d'Aubrac op"]
[Site "Saint-Chély d'Aubrac (12)"]
[Date "2008.07.14"]
[Round "2.23"]
[White "Nusse, Melchior"]
[Black "Martinez, Loic"]
[Result "0-1"]
[WhiteElo "1250"]
[BlackElo "1737"]
[PlyCount "56"]
[EventDate "2008.07.??"]
[EventType "swiss"]
[EventRounds "9"]
[EventCountry "FRA"]

1. e4 e5 2. Nf3 Nc6 3. Bb5 a6 4. Bxc6 dxc6 5. Nxe5 Qd4 6. Ng4 Qxe4+ 7. Ne3 Be6
8. Nc3 Qg6 9. d3 O-O-O 10. Bd2 Bc5 11. Qf3 Nf6 12. h3 Rhe8 13. O-O-O Nd5 14.
Ncxd5 cxd5 15. c3 d4 16. cxd4 Bxd4 17. Kb1 Qxd3+ 18. Nc2 Bxa2+ 19. Kxa2 Qxc2
20. Bc1 Re5 21. Rd3 Ra5+ 22. Ra3 Rxa3+ 23. Qxa3 Qc4+ 24. b3 Qc2+ 25. Bb2 Qxb2+
26. Qxb2 Bxb2 27. Kxb2 Rd2+ 28. Ka3 Rxf2 0-1

[Event "St-Chély d'Aubrac op"]
[Site "Saint-Chély d'Aubrac (12)"]
[Date "2008.07.14"]
[Round "2.24"]
[White "Messinger, Karl"]
[Black "Caparros, Nina"]
[Result "1-0"]
[WhiteElo "1703"]
[BlackElo "1199"]
[PlyCount "125"]
[EventDate "2008.07.??"]
[EventType "swiss"]
[EventRounds "9"]
[EventCountry "FRA"]

1. e4 c5 2. Nf3 Nc6 3. Bb5 Nd4 4. Nxd4 cxd4 5. O-O g6 6. d3 Bg7 7. f4 e6 8. f5
a6 9. Ba4 exf5 10. exf5 Ne7 11. f6 Bf8 12. fxe7 Bxe7 13. Qf3 O-O 14. Bh6 d5 15.
Bxf8 Qxf8 16. Bb3 Be6 17. Bxd5 Bxd5 18. Qxd5 Rd8 19. Qf3 Rd7 20. Nd2 Bd6 21.
Ne4 Be5 22. Nf6+ Bxf6 23. Qxf6 Rc7 24. Qxd4 Rxc2 25. Rac1 Re2 26. Qd7 Kg7 27.
Rc8 Qb4 28. Qxf7+ Kh6 29. Qf8+ Qxf8 30. Rcxf8 Rxb2 31. R1f2 Rb5 32. Rd2 Rd5 33.
Rf7 b5 34. Ra7 Rd6 35. Kf2 Rf6+ 36. Ke3 g5 37. Kd4 Kg6 38. Kc5 h5 39. Kb4 h4
40. Ka5 Kh5 41. Rxa6 Rf5 42. Rb6 Kg4 43. Rxb5 Rf7 44. Rb4+ Kh5 45. d4 Ra7+ 46.
Kb5 Rb7+ 47. Kc4 Rc7+ 48. Kb3 Re7 49. d5 Re3+ 50. Kb2 Re8 51. d6 Rd8 52. d7 Kg6
53. Rc4 Rb8+ 54. Kc2 Ra8 55. d8=Q Rxd8 56. Rc6+ Kh5 57. Rxd8 Kg4 58. Rg8 h3 59.
gxh3+ Kxh3 60. Rxg5 Kh4 61. Rg1 Kh5 62. a4 Kh4 63. Rh6# 1-0

[Event "St-Chély d'Aubrac op"]
[Site "Saint-Chély d'Aubrac (12)"]
[Date "2008.07.14"]
[Round "2.25"]
[White "Cuq, Christian"]
[Black "Schneider, Martin"]
[Result "1-0"]
[WhiteElo "1680"]
[BlackElo "1199"]
[PlyCount "41"]
[EventDate "2008.07.??"]
[EventType "swiss"]
[EventRounds "9"]
[EventCountry "FRA"]

1. e4 e5 2. Nf3 Nc6 3. Bb5 d6 4. O-O Bd7 5. d3 Be7 6. c3 a6 7. Ba4 Nf6 8. Bg5
O-O 9. Nbd2 b5 10. Bc2 Na7 11. d4 Nc6 12. Re1 h6 13. Bh4 Nh7 14. Bxe7 Nxe7 15.
dxe5 dxe5 16. Nxe5 Be6 17. Nd3 f6 18. Qe2 Qd7 19. Nc5 Qc6 20. Nxe6 Qxe6 21. Bb3
1-0